SUMO Regulation of Cellular Processes

Over a decade ago, a small cellular protein of 12 kDa, with 18% homology to the well-known ubiquitin protein, was co-discovered and termed Small Ubiquitin-like Modifier, or SUMO. Sumoylation is a post-translational modification that utilizes SUMO as the modifier group covalently attached to target s...

Full description

Bibliographic Details
Corporate Author: SpringerLink (Online service)
Other Authors: Wilson, Van G. (Editor)
Format: Electronic eBook
Language:English
Published: Dordrecht : Springer Netherlands, 2009.
Subjects:
Online Access:Full Text via HEAL-Link
LEADER 03910nam a22004695i 4500
001 978-90-481-2649-1
003 DE-He213
005 20151204150621.0
007 cr nn 008mamaa
008 100301s2009 ne | s |||| 0|eng d
020 |a 9789048126491  |9 978-90-481-2649-1 
024 7 |a 10.1007/978-90-481-2649-1  |2 doi 
040 |d GrThAP 
050 4 |a R-RZ 
072 7 |a MBGR  |2 bicssc 
072 7 |a MED000000  |2 bisacsh 
082 0 4 |a 610  |2 23 
245 1 0 |a SUMO Regulation of Cellular Processes  |h [electronic resource] /  |c edited by Van G. Wilson. 
264 1 |a Dordrecht :  |b Springer Netherlands,  |c 2009. 
300 |a IX, 339 p.  |b online resource. 
336 |a text  |b txt  |2 rdacontent 
337 |a computer  |b c  |2 rdamedia 
338 |a online resource  |b cr  |2 rdacarrier 
347 |a text file  |b PDF  |2 rda 
505 0 |a Molecular Functions -- to Sumoylation -- SUMO Modification and Transcriptional Regulation -- Emerging Roles for SUMO in mRNA Processing and Metabolism -- SUMO and Chromatin Remodelling -- Functions of SUMO in the Maintenance of Genome Stability -- SUMO and Nucleocytoplasmic Transport -- SUMO Modification of Ion Channels -- The Roles of SUMO in Metabolic Regulation -- Cell Growth Regulation -- The SUMO Pathway in Mitosis -- Wrestling with Chromosomes: The Roles of SUMO During Meiosis -- Sumoylation in Development and Differentiation -- The Role of Sumoylation in Senescence -- Sumoylation and Apoptosis -- Diseases -- The Role of Sumoylation in Neurodegenerative Diseases -- Sumoylation and Its Contribution to Cancer -- SUMO4-Encoded Genetic Susceptibility to Type 1 Diabetes -- Sumoylation in Craniofacial Disorders -- Viral Interplay with the Host Sumoylation System. 
520 |a Over a decade ago, a small cellular protein of 12 kDa, with 18% homology to the well-known ubiquitin protein, was co-discovered and termed Small Ubiquitin-like Modifier, or SUMO. Sumoylation is a post-translational modification that utilizes SUMO as the modifier group covalently attached to target substrates. This state-of-the art review on the sumoylation system deals with protein modification as it pertains to regulation of diverse cellular functions. Each chapter has been written by a leading researcher and covers the role of sumoylation in fundamental biochemical activities (transcription, RNA processing, chromatin remodelling, DNA repair, nucleocytoplasmic transport, ion channel regulation, and metabolic pathways). The text also examines the part sumoylation plays in critical cellular processes such as mitosis, meiosis, differentiation, senescence, and apoptosis. Lastly, the emerging role of sumoylation in specific diseases, including cancer and diabetes as well as neurodegenerative ones, is explored with an emphasis on defining molecular mechanisms that may provide new targets for treatment or prevention. While SUMO was discovered more than 10 years ago, this is still a relatively young field, and much remains to be discovered about the biochemical and biological properties of this modification system. In just the last few years, it has become clear that sumoylation modifies hundreds of cellular proteins, and there has been increased appreciation for the breadth of cellular functions that are impacted by this post-translational modification. 
650 0 |a Medicine. 
650 0 |a Proteins. 
650 0 |a Posttranslational modification. 
650 0 |a Cell biology. 
650 1 4 |a Biomedicine. 
650 2 4 |a Biomedicine general. 
650 2 4 |a Protein Science. 
650 2 4 |a Cell Biology. 
650 2 4 |a Posttranslational Modification. 
700 1 |a Wilson, Van G.  |e editor. 
710 2 |a SpringerLink (Online service) 
773 0 |t Springer eBooks 
776 0 8 |i Printed edition:  |z 9789048126507 
856 4 0 |u http://dx.doi.org/10.1007/978-90-481-2649-1  |z Full Text via HEAL-Link 
912 |a ZDB-2-SBL 
950 |a Biomedical and Life Sciences (Springer-11642)